Marques de Tennis de Table - Mort Subite - Statistiques

Statistiques générales
  • Ce quiz a été pris 671 fois
    669 depuis la dernière actualisation
  • Le résultat moyen est 5 sur 30
Answers on the Grid
Answers color-coded by a green-red scale on the quiz's grid according to % correct below.
Double Circle
Double Fish
Xiom
Dr Neubauer
Donic
Tibhar
Butterfly
Glayzer
Andro
Victas
Joola
Banco
DHS
Yasaka
Nittaku
Xushaofa
Cornilleau
Artengo
Pongori
Gewo
Juvel
Dandoy
Stiga
Fairplay
TKL
Friendship
TSP
Misterping
Yinhe
Sanwei
Dauphin
Lebrun
Rasanter
Legend
Décathlon
729
760 ITTF
Backside
Pingpocket
Huawei
Liebherr
Pingify
WackSport
Aurus
Smash
Pingconic
Virtus
Hybrid K3
 
Statistiques - réponses
Réponse % Correct
Joola
33%
Tibhar
33%
Butterfly
30%
Cornilleau
28%
Andro
25%
Donic
25%
Pongori
25%
Artengo
24%
Banco
24%
Gewo
23%
Victas
23%
Stiga
22%
Nittaku
20%
Xiom
20%
DHS
17%
Misterping
16%
Yasaka
14%
TSP
11%
Double Circle
8%
Double Fish
8%
Dr Neubauer
7%
Friendship
7%
Dandoy
5%
Glayzer
5%
Sanwei
4%
Yinhe
4%
Juvel
2%
TKL
2%
Fairplay
1%
Xushaofa
1%
Aucun quiz correspondant
Distribution des résultats
% des personnes avec chaque résultat
Percentile par nombre de réponses
Votre historique - résultats
Vous n’avez pas pris ce quiz depuis la dernière actualisation